Moult-Chicheboville - Choix Multiples - Statistiques

Statistiques générales
  • Ce quiz a été pris 8 fois
  • Le résultat moyen est 4 sur 10
Statistiques - réponses
Question Réponse % Correct
Laquelle de ces photographies représente l'église Sainte-Anne de Moult ?
50%
En 1874 fut découvert le "Trésor d'Airan". De quoi s'agit-il exactement ? D'une sépulture
50%
Quel est le nom de la ligne de chemin de fer sur laquelle se situe la gare de Moult-Argences ? Ligne de Mantes-la-Jolie à Cherbourg
50%
En 1877 fut construit à Moult un bâtiment qui servait à l'époque à la fois... De mairie et d'école pour garçons
38%
Quel cours d'eau traverse Moult ? La Muance
38%
Avec une ville de quel pays la commune de Moult-Chicheboville est-elle jumelée ? La Pologne
38%
En quelle année Moult et Chicheboville se sont fusionnés pour former Moult-Chicheboville ? 2017
25%
Quel hameau et ancienne commune jusqu'en 1835 est à cheval sur Moult et Chicheboville ? Béneauville
25%
Où se situe l'observatoire de Chicheboville ? Dans des marais
25%
Quelle bataille a fait rage près de Moult-Chicheboville en 1047 ? La Bataille de Val ès Dunes
13%
Aucun quiz correspondant
Distribution des résultats
% des personnes avec chaque résultat
Percentile par nombre de réponses
Votre historique - résultats
Vous n’avez pas pris ce quiz